000 00445nam a2200169Ia 4500
003 GCL
008 140319s9999 xx 000 0 eng d
040 _aGCL /
_cGCL
082 0 4 _a782.10973
_bD O
100 1 _aDIZIKES, JOHN
245 1 0 _aOPERA IN AMERICA : A CULTURAL HISTORY /
_cDIZIKES, JOHN
260 _a[S.N] :
_bYALE UNIVERSITY ،
_c1993
300 _a611 P P
650 0 4 _aOPERA
650 0 4 _aOPERA - UNITED STATES
942 _2ddc
_cBK
999 _c11908
_d11908